000 00480nam a22001937a 4500
003 MPLRDC
005 20220104161840.0
008 210129b ||||| |||| 00| 0 eng d
020 _a7-80594-959-X
082 _a811.1 JPA
100 _a贾平凹主编
245 _a外面的世界
_c
250 _a一版一刷
260 _a中国
_b西安出版社
_c2004
300 _b
490 _a美文少年文库
650 _a文学总论--写作法
942 _cBK
_o811.1 JPA
999 _c55683
_d55673